| 000 | 00732nam a2200229 a 4500 | ||
|---|---|---|---|
| 008 | 960412s1996 m yxo r 0 slo c | ||
| 020 |
_a8085575132 _c10 |
||
| 040 |
_aSNK _bslo _cSNK _eAACR2 |
||
| 041 | 1 | _aslo | |
| 044 |
_axo _cSK |
||
| 080 | _a908.437.683-21(084.12) | ||
| 080 | _a779(437.683-21) | ||
| 100 | 1 |
_aGojdič, Pavel _4aut |
|
| 245 | 1 | 0 |
_aSvidník _ctext: Pavel Gojdič ; fotografie a grafická úprava: Dionýz Dugas |
| 260 |
_aPrešov _bDINO _aSvidník _bMestský úrad [vyd.] _c1996 |
||
| 300 |
_a62 s. _c21 cm |
||
| 500 | _aSúbež. text angl., nem., rus. a poľ. | ||
| 500 | _aRozlož. fotogr. na tit. strane | ||
| 651 | 0 | 7 |
_aSvidník (Slovensko) _xfotografie _2SNK |
| 700 | 1 |
_aDugas, Dionýz _4pht |
|
| 958 | _aAOP | ||
| 999 |
_c15297 _d15297 |
||